000
00298nam a2200133Ia 4500
005
20251222155158.0
008
251222s9999||||xx |||||||||||||| ||spa||
082
_a
REL.36
100
_a
MERINO Licesio.
245
0
_a
Renuncio a morir
250
_a
1ra. ed.
264
_b
Colección
942
_c
LIB
999
_c
39844
_d
39844